PFA Premier League Team of the Season 17-18 - Statistics

General Stats
  • This quiz has been taken 35 times
  • The average score is 9 of 11
Answer Stats
Hint Answer % Correct
Striker Mo Salah
100%
Goalkeeper David De Gea
97%
Right Back Kyle Walker
97%
Striker Sergio Aguero
93%
Striker Harry Kane
90%
Centre Midfielder Kevin De Bruyne
83%
Centre Midfielder Christian Eriksen
72%
Centre Midfielder David Silva
72%
Centre Back Jan Vertonghen
66%
Centre Back Nicolas Otamendi
59%
Left Back Marcos Alonso
48%
No matching quizzes found
Score Distribution
Percent of People with Each Score
Percentile by Number Answered
Your Score History
You have not taken this quiz